| 000 | 00585nam a22001937a 4500 | ||
|---|---|---|---|
| 003 | OSt | ||
| 005 | 20180228143917.0 | ||
| 008 | 160913b xxu||||| |||| 00| 0 eng d | ||
| 020 | _a0131434063 | ||
| 040 | _cDDC. | ||
| 082 | _a005.117STU 2005. | ||
| 100 |
_aStumpf.V,Robert; Teague,C.Lavette; _911052 |
||
| 245 | _aObject-Oriented Systems Analysis and Design with UML: | ||
| 260 |
_aNew Jersey. _bPearson Prentice Hall; _c2005. |
||
| 300 |
_axviii,428p; _bcol,ill. _c26cm |
||
| 504 | _aglossary and index are included. | ||
| 650 |
_aComputer Programming. _94022 |
||
| 942 |
_2ddc _cO_SHELF |
||
| 999 |
_c5197 _d5197 |
||